Представление документа в формате MARC21

ПолеНазваниеЗначение
  Тип записи a
  Библиографический уровень m
001 Контрольный номер BIBLIOCLUB\0000721332
005 Дата корректировки 20260430154905.2
006 m o d
007 Элементы данных для физической характеристики c|||||||||||||
008 Кодируемые данные s2024 rus o rus d
041 Код языка издания 0_
a Код языка текста rus
084 Индекс другой классификации/Индекс ББК __
a Индекс другой классификации/Индекс ББК 65.291.231я73
b Номер единицы LBC/PL
2 Источник индекса rubbk
084 Индекс другой классификации/Индекс ББК __
a Индекс другой классификации/Индекс ББК 65.32я73
b Номер единицы LBC/PL
2 Источник индекса rubbk
245 Заглавие 10
a Заглавие Разработка стратегии развития предприятий сельскохозяйственной отрасли
b Продолж. заглавия учебное пособие
c Ответственность Н. Н. Тельнова, А. Р. Байчерова, С. С. Вайцеховская, Ю. В. Орел, Н. В. Воробьева
c Ответственность Ставропольский государственный аграрный университет
260 Выходные данные __
a Место издания Ставрополь
b Издательство АГРУС
c Дата издания 2024
300 Физическое описание __
a Объем 76 с.
b Иллюстрации/ тип воспроизводства ил.
504 Библиография __
a Библиография Библиогр. в кн
653 Ключевые слова 1_
a Ключевые слова Учебник для высшей школы
700 Другие авторы _1
a Другие авторы Байчерова А. Р.
700 Другие авторы _1
a Другие авторы Вайцеховская С. С.
700 Другие авторы _1
a Другие авторы Воробьева Н. В.
700 Другие авторы _1
a Другие авторы Орел Ю. В.
700 Другие авторы _1
a Другие авторы Тельнова Н. Н.
856 Электронный адрес документа 40
3 Область применения данных поля Университетская библиотека ONLINE
u URL https://biblioclub.ru/index.php?page=book&id=721332
900 Электронные ресурсы __
a Имя электронного ресурса https://img.biblioclub.ru/sm_cover/bae6a00b9ec94eda5ce0dc661befb887qovchf9qzk/cover.jpg